000 00676cam a22002413a 4500
001 20362
003 PGUSA
005 20140828083430.0
008 070115s2007||||xxu|||||s|||||000 | eng d
040 _aPGUSA
_beng
042 _adc
050 4 _aHQ
100 1 _aPaine, Harriet E.
_q(Harriet Eliza),
_d1845-1910
245 1 0 _aGirls and Women
_h[electronic resource] /
_cHarriet E. Paine
260 _bProject Gutenberg,
_c2007
506 _aPublic domain in the USA.
516 _aElectronic text
653 _aWomen -- Conduct of life
653 _aYoung women
830 0 _aProject Gutenberg
_v20362
856 4 0 _uhttp://www.gutenberg.org/ebooks/20362
942 _cEB
999 _c249617
_d249617